| 000 | 01475nam2a22002291 4500 | ||
|---|---|---|---|
| 001 | rc\3608934 | ||
| 005 | 20250610051044.0 | ||
| 035 | _a(NLR Aleph) 007711197 | ||
| 090 |
_a6851350 _c6851350 |
||
| 100 | _a20130115d1971 |||y0rusy50 ca | ||
| 101 | 0 | _arus | |
| 102 | _aRU | ||
| 105 | _ay z ||||| | ||
| 200 | 0 | _aВып. 3 | |
| 210 |
_d1971 _aБ. м. |
||
| 215 | _a253 с. | ||
| 461 | 0 |
_1001rc\3608933 _12001#$aМетодические рекомендации по подготовке Свода памятников истории и культуры [СССР]$fРед. д-р ист. наук Л.Г. Бескровный] [и др.]$gАН СССР. Ин-т истории СССР. Ин-т археологии. Центр. совет Всерос. о-ва охраны памятников истории и культуры. М-во культуры СССР. Ин-т истории искусств. Науч.-метод. совет по охране памятников культуры. Ин-т культуры М-ва культуры РСФСР. Вып. 3$vВып. 3 _96851343 _cМосква _d1971 _fРед. д-р ист. наук Л.Г. Бескровный] [и др.] _nБ. и. _tМетодические рекомендации по подготовке Свода памятников истории и культуры [СССР] _vВып. 3 |
|
| 801 | 0 |
_aRU _bNLR _gpsbo |
|
| 801 | 1 |
_aRU _bELAR _2rusmarc |
|
| 852 |
_aNLR _j71-50К/4460 |
||
| 942 | _cBOOK | ||
| 980 | _aNB | ||